Bezpečnost informací jako podmínka prosperity firmy

Salvato in:
Dettagli Bibliografici
Autori principali: Rodryčová, Danuše (Autore), Staša, Pavel (Autore)
Natura: Libro
Lingua:ceco
Pubblicazione: Praha : Grada Publishing, 2000
Edizione:1.
Soggetti:
Tags: Aggiungi Tag
Nessun Tag, puoi essere il primo ad aggiungerne!!

MARC

LEADER 00000nam a22000003a 4500
001 stu55880
005 20190206132330.9
008 001213s2000----xr------------------cze-d
020 |a 80-7169-144-5 
040 |a STU  |b slo 
041 0 |a cze 
044 |a xr 
080 |a 681.518 
100 1 |a Rodryčová, Danuše  |4 aut 
245 1 |a Bezpečnost informací jako podmínka prosperity firmy 
250 |a 1. 
260 |a Praha :  |b Grada Publishing,  |c 2000 
300 |a 143 s 
650 7 |a Informácie firemné-bezpečnosť  |2 stusub 
700 1 |a Staša, Pavel  |4 aut 
996 |b 284M089861  |c M*10596-1  |l MMST  |s A  |a 24  |w stu55880_0001